| 000 | 00553nam a2200181 4500 | ||
|---|---|---|---|
| 001 | 112805 | ||
| 003 | ES-MaACL | ||
| 005 | 20230906185633.0 | ||
| 007 | t| | ||
| 008 | 061121s1920 sp r ||||1| spa d | ||
| 100 | 1 |
_aMurillo, Francisco. _984584 |
|
| 245 | 1 | 3 |
_aEl suero antidiftérico _b: fundamentos, producción y aplicación / _cFrancisco Murillo. |
| 260 |
_aMadrid : _bCalpe, _c1920. |
||
| 300 |
_a98 p. 4 lám. ; _c24 cm. |
||
| 650 | 4 |
_aSuero antidiftérico. _9149338 |
|
| 650 | 4 |
_aDifteria- _xTratamiento. _9135927 |
|
| 852 |
_aES-MaACL _jB-11385 |
||
| 999 |
_c112805 _d112805 |
||